000 00526nam a22001937a 4500
003 OSt
008 250402b |||||||| |||| 00| 0 eng d
082 _a330.954
_bA96I
100 _aAwasthi, G. D.
245 _aIndian Economics /
_cby G. D. Awasthi, A. A. Sachdeva and Gopal Basu
260 _a.- Lucknow
_b: Prakashan Kendra
_c, 1996
300 _aii,674p.
650 _aSocial Sciences
650 _aEconomics
650 _aIndian Economics
700 _aSachdeva, A. A.
700 _aBasu, Gopal.
942 _2ddc
_cDB
999 _c47782
_d47782